Giovanni Battista Piranesi. Vedute di Roma (Record n. 76953)
[ formato base ]
| 000 -LEADER | |
|---|---|
| fixed length control field | 01611nam a2200277Ia 4500 |
| 001 - CONTROL NUMBER | |
| control field | K0533 |
| 003 - CONTROL NUMBER IDENTIFIER | |
| control field | IT-RoPAU |
| 008 - FIXED-LENGTH DATA ELEMENTS--GENERAL INFORMATION | |
| fixed length control field | 130308s9999 xx 000 0 und d |
| 040 ## - CATALOGING SOURCE | |
| Original cataloging agency | IT-RoPAU |
| 040 ## - CATALOGING SOURCE | |
| Transcribing agency | IT-RoPAU |
| 041 ## - LANGUAGE CODE | |
| Language code of text/sound track or separate title | ITALIANO |
| 100 ## - MAIN ENTRY--PERSONAL NAME | |
| Personal name | AA.VV. |
| 100 ## - MAIN ENTRY--PERSONAL NAME | |
| Miscellaneous information | Codice Aut. SPICS: 12000 |
| 245 ## - TITLE STATEMENT | |
| Title | Giovanni Battista Piranesi. Vedute di Roma |
| 245 ## - TITLE STATEMENT | |
| Remainder of title | Giovanni Battista Piranesi. Vedute di Roma |
| 250 ## - EDITION STATEMENT | |
| Edition statement | 1a ed. |
| 260 ## - PUBLICATION, DISTRIBUTION, ETC. (IMPRINT) | |
| Name of publisher, distributor, etc. | s.e. (senza Editrice o non identificata) |
| 260 ## - PUBLICATION, DISTRIBUTION, ETC. (IMPRINT) | |
| Date of publication, distribution, etc. | 2000 [1° Ed.:2000 - Ed.Ling.Originale:2000] |
| 300 ## - PHYSICAL DESCRIPTION | |
| Extent | "102 p. (prefazione: no ; testo: 102 [pagine: 0-0])" |
| 500 ## - GENERAL NOTE | |
| General note | Catalogo della mostra Tenutasi a Nettuno, forte Sangallo 17 Dicembre 2000 11 Febbraio 2001. Introduzione di V. Marzoli. presentazione di C. Strinati. Come una collezione di Acqueforti Passo' in possesso della mia Famiglia di E. Bruschwiler. Biografia di C. Marigliani. Roma, Piranesi o della Architettura incisa di A. Pampalone. Vedutine di Piranesi Ossia varie Vedute di Roma Antica e moderna di R. Barbiellini Amidei. convenzioni Sociali e nuove Evidenze biografiche in un Autoritratto Culturale di Giuseppe Vasi di P. Coen. Piranesi e I Rezzonico di C. Tempesta. Catalogo delle Opere Esposte. 67 Illustrazioni. |
| 650 ## - SUBJECT ADDED ENTRY--TOPICAL TERM | |
| Topical term or geographic name as entry element | AUTORI/OPERE DELLE ARTI VISIVE |
| 650 ## - SUBJECT ADDED ENTRY--TOPICAL TERM | |
| Relator term | Codice materia Spics: 5007 |
| 942 ## - ADDED ENTRY ELEMENTS (KOHA) | |
| Koha item type | LIBRO |
| 957 ## - | |
| -- | 1 |
| 999 ## - SYSTEM CONTROL NUMBERS (KOHA) | |
| -- | 1 |
| Withdrawn status | Lost status | Damaged status | Not for loan | Home library | Current library | Date acquired | Total Checkouts | Full call number | Date last seen | Price effective from | Koha item type | Public note |
|---|---|---|---|---|---|---|---|---|---|---|---|---|
| Buone Condizioni | Not For Loan | SPICS-MEDIATECA | SPICS-MEDIATECA | 08/03/2013 | K0533 | 08/03/2013 | 08/03/2013 | LIBRO | Progressivo inserimento: 21396 / N. Volumi: 1 Copie: 1 / data import: 1 marzo 2013 - By Epidotti, Trombetti, Vaglietti. |